[Event "Wellington Club Championship - Open Swiss"]
[Site "Wellington Chess Club"]
[Date "2024.11.21"]
[Round "9.13"]
[White "He, Jacob"]
[Black "Saglam, Azra Sena"]
[Result "0-1"]
[WhiteElo "1058"]
[BlackElo "1589"]
[Annotator "Azra"]
[PlyCount "96"]
[EventDate "2024.09.26"]

1. e4 c5 2. Nf3 e6 3. d3 Nc6 4. Bf4 d6 5. Nbd2 a6 6. g3 b5 7. c3 Nf6 8. Bh3 Be7
9. d4 Bb7 10. Qc2 cxd4 11. cxd4 Nb4 12. Qb3 $2 d5 $6 $11 (12... Nxe4 $1 13.
Qxb4 (13. Nxe4 Bxe4 14. Qxb4 (14. Bg2 Nc2+) 14... Bxf3) 13... Nxd2 $1 14. Qxd2
Bxf3) 13. e5 Ne4 14. O-O a5 15. Qd1 Nd3 16. b3 Nc3 17. Qc2 Ne2+ 18. Kg2 Ndxf4+
19. gxf4 Nxf4+ 20. Kg3 Nxh3 (20... Rc8 21. Qd1 Bg5 $17) 21. Kxh3 g5 22. Kg2 Kd7
23. Kh1 h5 24. Rg1 Ba6 25. a4 b4 26. Rac1 Rc8 27. Qb2 g4 28. Rxc8 Qxc8 29. Rc1
Qb7 30. Ne1 h4 31. f3 g3 32. h3 Rc8 33. Rxc8 Qxc8 34. Qc2 Qxc2 35. Nxc2 Bg5 36.
Nf1 Bxf1 37. Kg1 Be2 38. Kg2 Bd1 ( {Mate in 10} 38... Bd2 $1 39. Kg1 Bd3 40.
Na1 Bc3 41. Kg2 Bxa1 42. Kg1 Be2 43. Kg2 Bxd4 44. f4 Kc6 45. f5 exf5 46. e6
fxe6 47. Kh1 Bf3#) 39. Ne1 Be3 40. Kf1 Bxd4 41. Kg2 Bxb3 42. f4 Bxa4 43. Nf3
Be3 44. Nxh4 Bxf4 45. Nf3 b3 46. h4 b2 47. Kh3 b1=Q 48. Kg4 Qf5# 0-1

[Event "Wellington Club Championship - Open Swiss"]
[Site "Wellington Chess Club"]
[Date "2024.11.21"]
[Round "9.14"]
[White "Sethuramalingam, Niranjana"]
[Black "Ravi, Vrajesh"]
[Result "1/2-1/2"]
[WhiteElo "1098"]
[BlackElo "1114"]
[WhiteFideId "4326415"]
[BlackFideId "4326407"]
[PlyCount "0"]
[EventDate "2024.09.26"]
[SourceDate ""]

1. e4 e5 2. Nf3 Nc6 3. Bc4 Bc5 4. d3 Nf6 5. Nc3 O-O 6. Nd5 d6 7. h3 Nxd5 8.
Bxd5 Nd4 9. Nxd4 Bxd4 10. Qf3 Be6 11. Be3 Bxd5 12. Bxd4 exd4 13. exd5 Qe7+ 14.
Kf1 Qe5 15. Re1 Qf6 16. Qxf6 gxf6 17. Re4 c5 18. dxc6 Rac8 19. Rxd4 Rxc6 20. c3
Rd8 21. Rg4+ Kh8 22. d4 d5 23. Ke2 Rb6 24. Rf4 Kg7 25. Rg4+ Kf8 26. Rb1 Rc8 27.
Rf4 Rxc3 28. bxc3 Rxb1 29. Rxf6 Ra1 30. Kd3 Rxa2 31. Rf4 Ke7 32. Rf3 Ra3 33.
Re3+ Kf8 34. Re2 {Black offered a draw, White accepted} 1/2-1/2

[Event "Wellington Club Championship - Open Swiss"]
[Site "Wellington Chess Club"]
[Date "2024.11.21"]
[Round "9.15"]
[White "List, Robert"]
[Black "Thingbaijam, Conan"]
[Result "1/2-1/2"]
[WhiteElo "1653"]
[BlackElo "1325"]

1. e4 e6 2. d4 d5 3. e5 c5 4. c3 Nc6 5. Nf3 Qb6 6. Bd3 Bd7 7. O-O cxd4 8. cxd4
Nxd4 9. Nxd4 Qxd4 10. Nc3 Qxe5 11. Re1 Qc7 12. Nxd5 Qa5 13. Nc3 Bb4 14. Bd2 Nf6
15. a3 Be7 16. b4 Qd8 17. Rc1 O-O 18. Qf3 Bc6 19. Qh3 Re8 20. Rcd1 Qc7 21. Bg5
Rad8 22. Bxf6 Bxf6 23. Bxh7+ Kf8 24. Rxd8 Rxd8 25. Ne4 Qe5 26. g3 g6 27. Qh6+
Ke7 28. f3 Bg7 29. Qg5+ Qxg5 30. Nxg5 Rh8 31. Bxg6 fxg6 32. Nxe6 Kf7 33. Nxg7
Kxg7 34. Kg2 Rf8 35. Re3 Kh6 36. Kf2 g5 37. Re6+ Kg7 38. Re3 g4 39. f4 Bf3 40.
h3 Kf6 1/2-1/2

[Event "Wellington Club Championship - Open Swiss"]
[Site "Wellington Chess Club"]
[Date "2024.11.21"]
[Round "9.16"]
[White "Sova, Leo"]
[Black "Cao, Sam"]
[Result "1-0"]
[WhiteElo "1646"]
[BlackElo "1048"]

1. e4 e5 2. Nf3 Nc6 3. Bc4 Bc5 4. c3 Nf6 5. d3 d6 6. b4 Bb6 7. a4 a6 8. O-O d5
9. exd5 Nxd5 10. Bg5 f6 11. Bxd5 Qxd5 12. Be3 Bxe3 13. fxe3 O-O 14. c4 Qd8 15.
Qb3 Be6 16. Qc3 Re8 17. Nbd2 Rb8 18. b5 axb5 19. axb5 Ne7 20. e4 c6 21. Rfb1
Qd7 22. b6 Red8 23. Ra3 Ra8 24. Rba1 Rxa3 25. Rxa3 Ng6 26. g3 Bg4 27. Kf2 Re8
28. Ra5 Qd8 29. c5 f5 30. Qc4+ Kh8 31. Qf7 fxe4 32. dxe4 Re7 33. Qc4 Qf8 34.
Ra3 Rd7 35. Qc2 Rd4 36. Ke3 Bxf3 37. Nxf3 Rd8 38. Qc3 Re8 39. Ra7 Re7 40. h4 h5
41. Qc4 Kh7 42. Ng5+ Kh8 43. Qe2 Rd7 44. Qxh5+ Kg8 45. Qh7# 1-0

[Event "Wellington Club Championship - Open Swiss"]
[Site "Wellington Chess Club"]
[Date "2024.11.21"]
[Round "9.19"]
[White "Wong, Jaden"]
[Black "Grant, Elliot"]
[Result "0-1"]
[WhiteElo "995"]
[BlackElo "1667"]
[PlyCount "42"]
[EventDate "2024.09.26"]

1. e4 c6 2. d4 d5 3. f3 dxe4 4. fxe4 e5 5. c3 Be6 6. Be3 Nf6 7. Bd3 Nbd7 8. Nf3
Bd6 9. O-O O-O 10. Nbd2 c5 11. Bc2 Qb6 12. dxe5 Nxe5 13. Nxe5 Bxe5 14. Bb3 Bxb3
15. axb3 Qc7 16. Nc4 Bxh2+ 17. Kh1 Nxe4 18. Qg4 Ng3+ 19. Kxh2 Nxf1+ 20. Kg1
Nxe3 21. Nxe3 Qe5 0-1

[Event "Wellington Club Championship - Open Swiss"]
[Site "Wellington Chess Club"]
[Date "2024.11.28"]
[Round "10.1"]
[White "Marney, John"]
[Black "Qu, Lucas"]
[Result "0-1"]
[WhiteElo "1696"]
[BlackElo "1620"]
[WhiteFideId "0"]
[BlackFideId "4314620"]
[PlyCount "0"]
[EventDate "2024.09.26"]
[SourceDate ""]

1. e4 e5 2. Nf3 Nc6 3. Bc4 Bc5 4. c3 Nf6 5. d4 exd4 6. e5 d5 7. Bb5 Qe7 8. O-O
Ne4 9. cxd4 Bb6 10. Nc3 Nxc3 11. bxc3 h6 12. a4 a6 13. Ba3 Qe6 14. Bd3 g5 15.
Nd2 h5 16. f4 Nxd4 17. cxd4 Bxd4+ 18. Kh1 Bxa1 19. Qxa1 gxf4 20. Rxf4 Qh6 21.
Qd4 Be6 22. Nf3 b6 23. Rf6 Qg7 24. Qh4 Rg8 25. g3 Bg4 26. Rc6 Bxf3+ 27. Kg1
Qxe5 28. Bb4 Qe3+ 29. Kf1 Qxd3+ 30. Kf2 Qe2+ 31. Kg1 Qg2# 0-1

[Event "Wellington Club Championship - Open Swiss"]
[Site "Wellington Chess Club"]
[Date "2024.11.28"]
[Round "10.2"]
[White "Kang, Eushin"]
[Black "Grant, Elliot"]
[Result "1/2-1/2"]
[WhiteElo "1500"]
[BlackElo "1667"]
[WhiteFideId "0"]
[BlackFideId "0"]
[PlyCount "0"]
[EventDate "2024.09.26"]
[SourceDate ""]

1. d4 d5 2. c4 c6 3. Nf3 dxc4 4. e3 b5 5. a4 Nf6 6. axb5 cxb5 7. b3 e6 8. bxc4
bxc4 9. Bxc4 Be7 10. O-O O-O 11. Qe2 Bb7 12. Nbd2 Nc6 13. Ba3 Bxa3 14. Rxa3 a5
15. Bd3 Re8 16. Nc4 Ba6 17. Rfa1 Bxc4 18. Bxc4 Re7 19. Bb5 Nb4 20. Ne5 Qb6 21.
Bd3 Nxd3 22. Nxd3 Rea7 23. Qa2 Nd5 24. Qd2 Ne7 25. h3 Nc6 26. Ra4 h6 27. Nb2 f6
28. Nc4 Qc7 29. d5 exd5 30. Qxd5+ Kh8 31. Qc5 Ra6 32. g3 Kh7 33. Rxa5 Rxa5 34.
Rxa5 Rxa5 35. Nxa5 Qxa5 36. Qxc6 Qa1+ 37. Kg2 Qa2 38. g4 Qb2 39. Qd5 Qc1 40. h4
Qb2 41. g5 hxg5 42. hxg5 fxg5 43. Qxg5 Qb7+ 44. Kg3 Qc7+ 45. Qf4 Qc1 46. Qe4+
Kg8 47. Kf4 Qe1 48. Qe8+ Kh7 49. Qh5+ Kg8 50. f3 Qb4+ 51. e4 Qd2+ 1/2-1/2

[Event "Wellington Club Championship - Open Swiss"]
[Site "Wellington Chess Club"]
[Date "2024.11.28"]
[Round "10.3"]
[White "Saglam, Yigit"]
[Black "Tan, Jin"]
[Result "1-0"]
[WhiteElo "1810"]
[BlackElo "1582"]
[WhiteFideId "0"]
[BlackFideId "4320972"]
[PlyCount "0"]
[EventDate "2024.09.26"]
[SourceDate ""]

1. e4 e5 2. Nf3 Nc6 3. Bc4 Bc5 4. O-O Nf6 5. d4 Nxd4 6. Nxe5 d5 7. exd5 Bf5 8.
Be3 Bxc2 9. Qd2 Ne4 10. Qe1 O-O 11. Nc3 Qd6 12. Bf4 Nxc3 13. bxc3 Nf5 14. Qd2
Ba4 15. Nxf7 Qf6 16. Ng5 Nd6 17. Qd3 Qf5 18. Ne6 Rf7 19. Nxc5 Qxf4 20. Nxa4
Qxc4 21. Qxc4 Nxc4 22. Rfe1 Raf8 23. f3 Rd8 24. Rad1 b6 25. Rd4 Na5 26. c4 Rfd7
27. Nc3 c6 28. Rde4 cxd5 29. cxd5 Kf7 30. Kf2 Rc8 31. Rf4+ Kg8 32. Re3 h6 33.
Rd4 Rc5 34. d6 Kf7 35. Rf4+ Kg8 36. Re8+ Kh7 37. Ne4 Rc2+ 38. Kg3 Rb7 39. Re7
Rc8 40. d7 Rd8 41. Rff7 Kg6 42. Rxg7+ Kf5 43. Nd6+ 1-0

[Event "Wellington Club Championship - Open Swiss"]
[Site "Wellington Chess Club"]
[Date "2024.11.28"]
[Round "10.4"]
[White "Lieser, Joshua"]
[Black "Darr, Samuel"]
[Result "1/2-1/2"]
[WhiteElo "1643"]
[BlackElo "1679"]
[WhiteFideId "4326385"]
[BlackFideId "4306120"]
[PlyCount "0"]
[EventDate "2024.09.26"]
[SourceDate ""]

1. e4 e6 2. d4 d5 3. exd5 exd5 4. Bf4 Nf6 5. Nf3 Bd6 6. Bxd6 Qxd6 7. c3 O-O 8.
Be2 Bf5 9. Nbd2 Nbd7 10. O-O Rfe8 11. Re1 Re7 12. Bb5 Rae8 13. Rxe7 Rxe7 14.
Bxd7 Qxd7 15. Qb3 c6 16. Qa3 a6 17. Ne5 Qe8 18. Qb4 Ng4 19. Nef3 Nxf2 20. Kxf2
Re2+ 21. Kg1 g5 22. Nf1 g4 23. Ne5 f6 24. Ng3 fxe5 25. Nxe2 exd4 26. Nxd4 Qe3+
27. Kh1 Be4 28. Qxb7 Qf2 29. Rg1 Bxg2+ 30. Rxg2 Qe1+ 1/2-1/2

[Event "Wellington Club Championship - Open Swiss"]
[Site "Wellington Chess Club"]
[Date "2024.11.28"]
[Round "10.5"]
[White "Joseph, Joji Chacko"]
[Black "Ashe, Michael"]
[Result "0-1"]
[WhiteElo "1584"]
[BlackElo "1591"]
[WhiteFideId "4308816"]
[BlackFideId "4310462"]
[PlyCount "0"]
[EventDate "2024.09.26"]
[SourceDate ""]

1. e4 c6 2. d4 d5 3. Nc3 dxe4 4. Nxe4 Nf6 5. Nxf6+ exf6 6. Nf3 Bd6 7. Bd3 O-O
8. O-O Re8 9. Nh4 Nd7 10. Nf5 Bc7 11. Nxg7 Kxg7 12. Qh5 Nf8 13. Bh6+ Kg8 14.
Bxf8 Kxf8 15. Qxh7 Ke7 16. Rfe1+ Be6 17. Bc4 Kd6 18. d5 Bxd5 19. Red1 Qe7 20.
Qd3 Qe4 21. Qa3+ Kd7 22. Bxd5 cxd5 23. Qc5 Re5 24. c4 Bb6 25. Qb5+ Ke6 26.
cxd5+ Rxd5 27. Rxd5 Qxd5 28. Qe2+ Qe5 29. Qc4+ Ke7 30. Qb4+ Qc5 31. Qe4+ Kf8
32. Qh4 Kg7 33. Qg3+ Qg5 34. Qxg5+ fxg5 35. Rd1 Rd8 36. Rxd8 Bxd8 37. a4 a5 38.
b3 f5 39. h3 Kf6 40. Kf1 Ke5 41. Ke2 g4 42. hxg4 fxg4 43. f3 gxf3+ 44. gxf3 Kd4
45. Kd2 Bc7 0-1

[Event "Wellington Club Championship - Open Swiss"]
[Site "Wellington Chess Club"]
[Date "2024.11.28"]
[Round "10.6"]
[White "Wilkins, Mark"]
[Black "Kumar, Raghava"]
[Result "1-0"]
[WhiteElo "1906"]
[BlackElo "1500"]
[WhiteFideId "4302389"]
[BlackFideId "0"]
[PlyCount "0"]
[EventDate "2024.09.26"]
[SourceDate ""]

1. e4 c6 2. d4 Nf6 3. Bd3 e6 4. Nf3 h6 5. Nbd2 c5 6. c3 cxd4 7. cxd4 Bb4 8. O-O
O-O 9. a3 Ba5 10. b4 Bb6 11. Bb2 d5 12. Rc1 dxe4 13. Nxe4 Nc6 14. Nxf6+ Qxf6
15. Bb1 Rd8 16. Qc2 Bxd4 17. Nxd4 Nxd4 18. Bxd4 Qxd4 19. Rfd1 Qb6 20. Qh7+ Kf8
21. Qh8+ Ke7 22. Qxg7 e5 23. Qxe5+ Be6 24. Rc7+ 1-0

[Event "Wellington Club Championship - Open Swiss"]
[Site "Wellington Chess Club"]
[Date "2024.11.28"]
[Round "10.7"]
[White "Brockway, Andrew"]
[Black "Hurndell, Robert"]
[Result "0-1"]
[WhiteElo "1713"]
[BlackElo "1730"]
[WhiteFideId "4301340"]
[BlackFideId "4310233"]
[PlyCount "0"]
[EventDate "2024.09.26"]
[SourceDate ""]

1. e4 e5 2. Nf3 Nc6 3. Bb5 a6 4. Bxc6 dxc6 5. O-O Bd6 6. d4 Qe7 7. dxe5 Bxe5 8.
Nxe5 Qxe5 9. Nc3 Nf6 10. f4 Qc5+ 11. Kh1 O-O 12. Qe1 Re8 13. e5 Bf5 14. Be3 Qe7
15. exf6 Qxe3 16. Qh4 Qd4 17. fxg7 Re6 18. Rad1 Qxg7 19. Rd8+ Re8 20. Rxa8 Rxa8
21. Rd1 f6 22. Qf2 Qg6 23. Rd2 Re8 24. h3 b6 25. g4 Bc8 26. Kh2 Qf7 27. f5 Bb7
28. Qg1 Qc4 29. Rd4 Qc5 30. Qd1 Qe5+ 31. Kg1 Qg3+ 32. Kf1 Qxh3+ 33. Kg1 Qg3+
34. Kf1 c5 35. Re4 Bxe4 36. Nxe4 Qf4+ 37. Nf2 Qd4 38. Qf3 Re3 39. Qa8+ Kg7 40.
Qc6 Qd6 41. Qh1 Qf4 42. Qc6 Rf3 43. Qd7+ Kh6 44. g5+ Qxg5 45. Qe7 Rxf5 46. Qf8+
Qg7 47. Qc8 Rg5 48. Qh3+ Kg6 49. Qd3+ f5 50. Nh3 Rg4 51. Qf3 Qd4 52. Qc6+ Kh5
53. Qe8+ Kh4 54. Nf2 Qc4+ 55. Ke1 Rg1+ 56. Kd2 Qd4+ 57. Nd3 Rg2+ 58. Kc1 Qg1+
59. Ne1 Kg3 60. Qe5+ Kg4 61. Qg7+ Kf4 62. Qxc7+ Kg5 63. Qe7+ Kh6 64. Qf6+ Rg6
65. Qh4+ Kg7 66. Qe7+ Kh8 67. Qe8+ Rg8 68. Qe5+ Qg7 69. Qxf5 Qg5+ 70. Qxg5 Rxg5
71. Kd1 h5 72. Ke2 h4 73. Kf1 h3 74. Nf3 Rg2 75. Ng1 Rxc2 76. Nxh3 Rxb2 0-1

[Event "Wellington Club Championship - Open Swiss"]
[Site "Wellington Chess Club"]
[Date "2024.11.28"]
[Round "10.8"]
[White "Ulm, Eric"]
[Black "Lavender, Ariel J"]
[Result "0-1"]
[WhiteElo "1473"]
[BlackElo "1547"]
[WhiteFideId "4325575"]
[BlackFideId "0"]
[PlyCount "0"]
[EventDate "2024.09.26"]
[SourceDate ""]

1. e4 e5 2. Nf3 Nc6 3. Bb5 Nf6 4. Qe2 a6 5. Ba4 b5 6. Bb3 Bc5 7. d3 h6 8. Be3
Bxe3 9. fxe3 d6 10. h3 Be6 11. O-O Ne7 12. Nc3 c6 13. d4 Bxb3 14. axb3 b4 15.
dxe5 dxe5 16. Rfd1 Qc7 17. Nb1 Nxe4 18. Rxa6 O-O 19. Rxa8 Rxa8 20. Qc4 Ng3 21.
Qxb4 Nd5 22. Qe1 e4 23. Nfd2 Nf5 24. Nc4 Ndxe3 25. Nxe3 Qb6 26. Qf2 Qxe3 27.
Qxe3 Nxe3 28. Re1 Nxc2 29. Rc1 Nd4 30. Rc4 Nxb3 31. Kf2 Ra2 32. Rc2 Nd4 33. Rd2
f5 34. Ke3 c5 35. b4 Rxd2 36. Nxd2 Nc2+ 0-1

[Event "Wellington Club Championship - Open Swiss"]
[Site "Wellington Chess Club"]
[Date "2024.11.28"]
[Round "10.9"]
[White "Kvindt, Max"]
[Black "Osborne, Geoff"]
[Result "0-1"]
[WhiteElo "1400"]
[BlackElo "1517"]
[WhiteFideId "0"]
[BlackFideId "4311485"]
[PlyCount "0"]
[EventDate "2024.09.26"]
[SourceDate ""]

1. e4 e5 2. Nf3 Nc6 3. Bb5 a6 4. Bxc6 dxc6 5. Nc3 Bd6 6. O-O Qf6 7. d4 Bg4 8.
dxe5 Bxe5 9. Bd2 Rd8 10. Qe2 Bxf3 11. gxf3 Qg6+ 12. Kh1 Qh5 13. f4 Qxe2 14.
Nxe2 Rxd2 15. fxe5 Rxe2 0-1

[Event "Wellington Club Championship - Open Swiss"]
[Site "Wellington Chess Club"]
[Date "2024.11.28"]
[Round "10.10"]
[White "Saglam, Azra Sena"]
[Black "Bohme, Alex"]
[Result "0-1"]
[WhiteElo "1589"]
[BlackElo "1477"]
[WhiteFideId "4320956"]
[BlackFideId "2660270"]
[PlyCount "0"]
[EventDate "2024.09.26"]
[SourceDate ""]

1. c4 e6 2. g3 Nf6 3. Bg2 c5 4. Nc3 Nc6 5. e4 Nb4 6. d3 d5 7. a3 d4 8. Nb1 Nc6
9. Ne2 e5 10. h3 Bd6 11. O-O O-O 12. f4 Bd7 13. f5 h6 14. g4 Kh7 15. Ng3 Rh8
16. Nd2 Na5 17. Nb3 Ba4 18. Nxa5 Bxd1 19. Nxb7 Qd7 20. Nxd6 Ba4 21. Nb5 a6 22.
g5 hxg5 23. Bxg5 axb5 24. Bxf6 gxf6 25. Nh5 Qc7 26. Nxf6+ Kg7 27. Nd5 Qa5 28.
b4 cxb4 29. axb4 Qd8 30. Rac1 Qg5 31. c5 Rxh3 32. Ra1 Rah8 33. Kf2 Qd2+ 34. Kg1
Rh1+ 0-1

[Event "Wellington Club Championship - Open Swiss"]
[Site "Wellington Chess Club"]
[Date "2024.11.28"]
[Round "10.11"]
[White "Farrington, Lawrence B"]
[Black "Hupert, Leo"]
[Result "1-0"]
[WhiteElo "1646"]
[BlackElo "1389"]
[WhiteFideId "4301749"]
[BlackFideId "0"]
[PlyCount "0"]
[EventDate "2024.09.26"]
[SourceDate ""]

1. d4 d5 2. c4 e6 3. Nc3 Nf6 4. Bg5 Be7 5. Nf3 O-O 6. e3 h6 7. Bh4 c5 8. cxd5
Nxd5 9. Bxe7 Qxe7 10. Be2 Rd8 11. O-O Nf6 12. Qc2 Nc6 13. Rad1 Nb4 14. Qb1 Nbd5
15. Bc4 b6 16. Rfe1 Bb7 17. Ne5 Nxc3 18. bxc3 Be4 19. Bd3 Bxd3 20. Qxd3 Qc7 21.
Qb1 Qb7 22. Nf3 Ne4 23. Qb2 Rd5 24. Rd3 Qe7 25. Red1 Rad8 26. c4 Rf5 27. Rf1
Rxf3 28. gxf3 Qg5+ 29. Kh1 Qf5 30. Qe2 Ng5 31. e4 Qf6 32. d5 Nh3 33. Qe3 Nf4
34. Rdd1 e5 35. Rg1 Rd6 36. Rg3 g5 37. Rdg1 Qg7 38. Rg4 Rg6 39. h4 gxh4 40.
Rxg6 Nxg6 41. f4 exf4 42. Qh3 Kh7 43. Qf5 Kh8 44. Qc8+ Kh7 45. Qf5 Qf8 46. e5
1-0

[Event "Wellington Club Championship - Open Swiss"]
[Site "Wellington Chess Club"]
[Date "2024.11.28"]
[Round "10.12"]
[White "Page, Archer"]
[Black "Pickering, Dean"]
[Result "1/2-1/2"]
[WhiteElo "1600"]
[BlackElo "1274"]
[WhiteFideId "0"]
[BlackFideId "0"]
[PlyCount "0"]
[EventDate "2024.09.26"]
[SourceDate ""]

1. d4 d5 2. c4 e6 3. Nc3 Nf6 4. cxd5 exd5 5. Bg5 Be7 6. e3 c6 7. Bd3 O-O 8. Nf3
Bg4 9. h3 Bh5 10. g4 Bg6 11. Ne5 Bxd3 12. Qxd3 Nbd7 13. f4 c5 14. Bxf6 Bxf6 15.
Nxd5 Nxe5 16. Nxf6+ Qxf6 17. dxe5 Qh4+ 18. Ke2 Rad8 19. Qc4 b6 20. e6 fxe6 21.
Qxe6+ Kh8 22. Rag1 Rde8 23. Qd7 Re7 24. Qd6 Rfe8 25. Qd3 c4 26. Qc3 Re4 27. Kf3
b5 28. Re1 a6 29. b3 cxb3 30. Qxb3 h6 31. Qd5 Qe7 32. Qb3 Qb7 33. Kf2 a5 34. h4
a4 35. Qd3 Qb6 36. Kf3 b4 37. Qxe4 Rxe4 1/2-1/2

[Event "Wellington Club Championship - Open Swiss"]
[Site "Wellington Chess Club"]
[Date "2024.11.28"]
[Round "10.13"]
[White "Munim, Ahmed"]
[Black "He, Zachary"]
[Result "0-1"]
[WhiteElo "1542"]
[BlackElo "1261"]
[WhiteFideId "0"]
[BlackFideId "4320905"]
[PlyCount "0"]
[EventDate "2024.09.26"]
[SourceDate ""]

1. e4 e6 2. d4 d5 3. exd5 exd5 4. Nf3 Bd6 5. Nc3 Nf6 6. Bg5 c6 7. Bd3 O-O 8.
Qd2 Re8+ 9. Be3 Bg4 10. O-O-O Ne4 11. Bxe4 dxe4 12. h3 Bxf3 13. gxf3 exf3 14.
Rdg1 Kh8 15. d5 Bb4 16. Qd4 Bxc3 17. Qxc3 f6 18. Rg3 cxd5 19. Rhg1 Re7 20. Bd4
Nd7 21. Qxf3 Qa5 22. Bc3 Qxa2 23. b3 Qa3+ 24. Kb1 Qd6 25. Qg2 Rg8 26. Rg6 hxg6
27. Qxg6 Rge8 28. Rg4 Kg8 29. Rh4 Nf8 30. Qh5 Qa3 31. Qh8+ Kf7 32. Qh5+ g6 33.
Qxd5+ Kg7 34. Bxf6+ Kxf6 35. Qf3+ Kg7 36. Qc3+ Re5 37. f4 Qc5 38. Qb2 Qg1+ 39.
Ka2 Qe1 40. fxe5 Qxh4 0-1

[Event "Wellington Club Championship - Open Swiss"]
[Site "Wellington Chess Club"]
[Date "2024.11.28"]
[Round "10.14"]
[White "Rose, Jim"]
[Black "Sova, Leo"]
[Result "1/2-1/2"]
[WhiteElo "1522"]
[BlackElo "1646"]
[WhiteFideId "4326776"]
[BlackFideId "39909204"]
[PlyCount "0"]
[EventDate "2024.09.26"]
[SourceDate ""]

1. d4 d5 2. Nf3 Nf6 3. e3 Bf5 4. c4 e6 5. Qb3 Qc8 6. cxd5 exd5 7. Nc3 c6 8. Be2
Nbd7 9. O-O Bd6 10. Bd2 O-O 11. Rac1 Nb6 12. Nh4 Re8 13. f4 Ne4 14. Nxe4 Bxe4
15. Nf3 f6 16. Nh4 Qd7 17. f5 Re7 18. Bb4 Bxb4 19. Qxb4 Rd8 20. Rf4 Qd6 21. Qc3
Na4 22. Qb3 b5 23. Rcf1 a5 24. Bf3 Qb4 25. Qxb4 axb4 26. b3 Nc3 27. Rf2 Kf7 28.
Bxe4 Rxe4 29. Rxe4 dxe4 30. Rc2 Ra8 31. Kf2 Rxa2 32. Rxa2 Nxa2 33. Ke2 Nc1+ 34.
Kd2 Nxb3+ 35. Kc2 Na5 36. g3 g6 37. fxg6+ hxg6 38. Ng2 g5 39. h4 Ke6 40. h5 Kf5
41. g4+ Ke6 42. Ne1 b3+ 43. Kb2 Nc4+ 44. Kxb3 Nxe3 45. Kb4 Nxg4 46. Kc5 b4 47.
Kxb4 Kd5 48. Kc3 c5 49. dxc5 Kxc5 50. Nc2 Kd5 51. Ne3+ Nxe3 52. h6 Ke5 53. h7
f5 54. h8=Q+ Kf4 55. Qh2+ Kf3 56. Qh3+ Kf4 57. Qh2+ Kf3 58. Kd4 Ng4 59. Qh1+
Kg3 60. Qb1 1/2-1/2

[Event "Wellington Club Championship - Open Swiss"]
[Site "Wellington Chess Club"]
[Date "2024.11.28"]
[Round "10.15"]
[White "Sethuramalingam, Niranjana"]
[Black "Yeo, Kayden"]
[Result "0-1"]
[WhiteElo "1098"]
[BlackElo "1457"]
[WhiteFideId "4326415"]
[BlackFideId "0"]
[PlyCount "0"]
[EventDate "2024.09.26"]
[SourceDate ""]

1. e4 e5 2. Nf3 Nc6 3. Bc4 Nf6 4. Ng5 Bc5 5. Nxf7 Bxf2+ 6. Kxf2 Nxe4+ 7. Ke1
Qh4+ 8. Ke2 Qf2+ 9. Kd3 Nb4+ 10. Kxe4 Qf4# 0-1

[Event "Wellington Club Championship - Open Swiss"]
[Site "Wellington Chess Club"]
[Date "2024.11.28"]
[Round "10.16"]
[White "Sun, William"]
[Black "Asher, Bruce"]
[Result "0-1"]
[WhiteElo "807"]
[BlackElo "1153"]
[WhiteFideId "4326784"]
[BlackFideId "0"]
[PlyCount "0"]
[EventDate "2024.09.26"]
[SourceDate ""]

1. e4 e5 2. Nf3 Nc6 3. Bc4 Nf6 4. Ng5 d5 5. exd5 Nxd5 6. Nxf7 Kxf7 7. Qf3+ Ke8
8. Bxd5 Qf6 9. Bxc6+ bxc6 10. Qxc6+ Qxc6 11. O-O Bb7 12. f3 Qc5+ 13. Kh1 Ba6
14. d3 Qxc2 15. Re1 Bd6 16. Nc3 Qf2 17. Be3 Qxb2 18. Rac1 Bxd3 19. Nd5 Rc8 20.
Bxa7 Kd7 21. Red1 Ra8 22. Be3 Rhe8 0-1

[Event "Wellington Club Championship - Open Swiss"]
[Site "Wellington Chess Club"]
[Date "2024.11.28"]
[Round "10.17"]
[White "Thingbaijam, Conan"]
[Black "He, Jacob"]
[Result "1-0"]
[WhiteElo "1325"]
[BlackElo "1058"]
[WhiteFideId "4326792"]
[BlackFideId "4320891"]
[PlyCount "0"]
[EventDate "2024.09.26"]
[SourceDate ""]

1. e4 e5 2. Nf3 d6 3. d4 Nf6 4. dxe5 Nxe4 5. exd6 cxd6 6. Bd3 Nf6 7. Nc3 Be6 8.
O-O a6 9. Bf4 Nbd7 10. Qe2 Be7 11. h3 O-O 12. Nd4 Nc5 13. Nxe6 Nxe6 14. Bg3 Nd4
15. Qd2 Rc8 16. Bxh7+ Nxh7 17. Qxd4 Qd7 18. Rfd1 Rc6 19. Nd5 Rxc2 20. Nxe7+
Qxe7 21. Bxd6 Qd7 22. Bxf8 Qxd4 23. Rxd4 Nxf8 24. b3 Ne6 25. Rdd1 Nf4 26. Kf1
Kh7 27. Rd7 f5 28. Rxb7 Nd3 29. Rd1 Nc5 30. Rc7 Rc3 31. Rd5 Rc1+ 32. Ke2 Rc2+
33. Kd1 Rc3 34. Rdxc5 Rd3+ 35. Ke2 Rd6 36. Rxf5 Kg6 37. Rcc5 Rf6 38. Rxf6+ gxf6
39. Ra5 Kf7 40. Rxa6 Kg6 41. Rd6 Kf7 42. a4 Kg6 43. b4 Kf7 44. a5 Kg6 45. b5
Kf7 46. a6 Kg6 47. b6 Kf7 48. b7 Kg6 49. a7 Kg5 50. a8=R Kg6 51. Rg8+ Kf5 52.
b8=R Ke5 53. Rd2 Kf5 54. Rbd8 Ke5 55. Rge8+ Kf5 56. R8d5+ Kg6 1-0

[Event "Wellington Club Championship - Open Swiss"]
[Site "Wellington Chess Club"]
[Date "2024.11.28"]
[Round "10.19"]
[White "List, Robert"]
[Black "Xu, Laura"]
[Result "0-1"]
[WhiteElo "1653"]
[BlackElo "1500"]
[WhiteFideId "4303490"]
[BlackFideId "0"]
[PlyCount "0"]
[EventDate "2024.09.26"]
[SourceDate ""]

1. e4 c5 2. Nf3 d6 3. g3 Nf6 4. d3 e6 5. Bg2 Nc6 6. O-O Be7 7. c3 O-O 8. h3 Rb8
9. Kh2 b5 10. Ng1 d5 11. exd5 exd5 12. f4 Bb7 13. Nf3 d4 14. Na3 a6 15. Nc2
dxc3 16. bxc3 Nd5 17. Bb2 Bf6 18. d4 cxd4 19. cxd4 Re8 20. Ne5 Ncb4 21. Bxd5
Qxd5 22. Qd2 Nxc2 23. Qxc2 Rbc8 24. Qd2 Bxe5 25. fxe5 Rxe5 26. Rac1 Rce8 27.
Rf2 Re3 28. Rg1 h6 29. Bc1 R3e4 30. Rf4 0-1

[Event "Wellington Club Championship - Open Swiss"]
[Site "Wellington Chess Club"]
[Date "2024.12.05"]
[Round "11.1"]
[White "Saglam, Yigit"]
[Black "Thirkell, Zachary"]
[Result "1-0"]
[WhiteElo "1810"]
[BlackElo "1834"]
[Annotator "Azra"]
[PlyCount "85"]
[EventDate "2024.09.26"]

1. e4 c6 2. Nf3 d5 3. e5 Bg4 4. d4 e6 5. Be2 c5 6. c3 Qb6 7. dxc5 Bxc5 8. Qa4+
Nc6 9. Qxg4 Kf8 10. O-O h5 11. Qf4 Nge7 12. Ng5 Nf5 13. Bd3 g6 14. h3 Kg8 15.
b3 h4 16. Ba3 Rf8 17. Bxc5 Qxc5 18. Rc1 Qe7 19. Bxf5 gxf5 20. Nf3 Rh5 21. Nbd2
Kh7 22. c4 Nb4 23. Qd4 Nc6 24. Qe3 Rd8 25. Qe2 Kg6 26. Ne1 Rh6 27. Ndf3 dxc4
28. Rxc4 Kg7 29. Rd1 Rhh8 30. Rxd8 Qxd8 31. Qe3 Qa5 32. b4 Qxa2 33. Rc5 Rh5 34.
b5 Ne7 35. Qd2 Qa4 36. Qd8 Nd5 37. Rc8 f4 38. Qg8+ Kh6 39. Qh8+ Kg6 40. Rg8+
Kf5 41. Qxh5+ Ke4 42. Qh7+ f5 43. exf6# 1-0